000
00340pab a2200145 454500
008
180718b1983 xxu||||| |||| 00| 0 eng d
100
_a
Morriss, Peter
245
_a
How capitalism infringes property rights
260
_c
1983
300
_a
656-61
362
_a
Dec.
650
_a
Capitalism
773
_a
Political Studies
909
_a
5128
999
_c
5128
_d
5128